Harry Potter and the Order of the Phoenix - All Chapters - Statistics

General Stats
  • This quiz has been taken 28 times
  • The average score is 27 of 38
Answer Stats
Chapter Title % Correct
18 Dumbledore's Army
100%
1 Dudley Demented
94%
8 The Hearing
94%
2 A Peck of Owls
88%
4 Number Twelve, Grimmauld Place
88%
34 The Department of Mysteries
88%
5 The Order of the Phoenix
88%
23 Christmas on the Closed Ward
81%
30 Grawp
81%
20 Hagrid's Tale
81%
31 O.W.L.s
81%
12 Professor Umbridge
81%
22 St Mungo's Hospital for Magical Maladies and Injuries
81%
3 The Advance guard
81%
6 The Noble and Most Ancient House of Black
81%
13 Detention with Dolores
75%
10 Luna Lovegood
75%
21 The Eye of the Snake
75%
15 The Hogwarts High Inquisitor
75%
7 The Ministry of Magic
75%
36 The Only One He Ever Feared
75%
11 The Sorting Hat's New Song
75%
35 Beyond the Veil
69%
16 In the Hog's Head
69%
24 Occlumency
69%
9 The Woes of Mrs Weasley
69%
17 Educational Decree Number Twenty Four
63%
37 The Lost Prophecy
63%
28 Snape's Worst Memory
56%
27 The Centaur and the Sneak
56%
38 The Second War Begins
56%
14 Percy and Padfoot
50%
25 The Beetle at Bay
50%
33 Fight and Flight
44%
32 Out of the Fire
44%
29 Career Advice
38%
26 Seen and Unforseen
38%
19 The Lion and the Serpent
38%
No matching quizzes found
Score Distribution
Percent of People with Each Score
Percentile by Number Answered
Your Score History
You have not taken this quiz